000 00953 a2200229 4500
005 20260316113005.0
008 260316b |||||||| |||| 00| 0 eng d
020 _a9789391798673
037 _cTB
040 _aCRL
_cCRL
041 _2hin
_ahin
084 _a4:(P152) 152R3
_qCRL
100 _aकुमार, कुलदीप
_9875924
245 _aहिन्दी पत्रकारिता और भारत के पड़ोसी राष्ट्र
260 _aदिल्ली, भारत:
_bएकैडमिक पब्लिकेशन,
_c2023.
300 _a106पृ.
365 _b695.00
_cINR
650 _aपत्रकारिता
650 _aहिन्दी भाषा
942 _cTB
_2CC
_h4:(P152) 152R3
999 _c1474574
_d1474574